000
00352 a2200169 4500
001
183287
020
_a
85-262-1318-0
040
_c
Magnum
100
_a
Soares, Paulo Antônio de Toledo
240
1
0
_a
Ciências
_l
por
245
1
0
_a
Ciências
300
_a
119
362
0
_a
1990
440
1
_a
Scipione
697
_a
CIÊNCIAS PURAS
942
_c
BK
999
_c
183287
_d
183287